[Event "Ä15Ï "]
[Site "Loo"]
[Date "2017.04.20"]
[Round "1.32"]
[White "Ìàðêîâà, Àííà."]
[Black "Ãàëèìîâà, Çàðèÿ."]
[Result "1/2-1/2"]
[WhiteElo "1553"]
[BlackElo "1305"]
[PlyCount "92"]
[EventDate "2017.04.20"]

1. c4 c5 2. Nc3 Nc6 3. g3 g6 4. Bg2 Bg7 5. Nf3 e5 6. e4 Nge7 7. O-O O-O 8. d3
d6 9. Be3 Be6 10. Qd2 Rb8 11. Ng5 Qd7 12. Nxe6 Qxe6 13. Bh6 f5 14. Bxg7 Kxg7
15. exf5 Nxf5 16. Bd5 Qe7 17. f4 exf4 18. Rxf4 Qe3+ 19. Qxe3 Nxe3 20. Rxf8 Rxf8
21. Nb5 Rf6 22. Bxc6 bxc6 23. Nxa7 d5 24. cxd5 cxd5 25. a4 c4 26. dxc4 Nxc4 27.
b4 d4 28. Rc1 Ne3 29. Re1 Nc2 30. Re7+ Kf8 31. Rd7 Nxb4 32. Rxd4 Nc2 33. Re4
Kg7 34. Nb5 Rf3 35. Nd4 Nxd4 36. Rxd4 Ra3 37. Rd7+ Kh6 38. Ra7 Ra1+ 39. Kg2
Ra2+ 40. Kh3 Kg5 41. a5 h6 42. a6 h5 43. Ra8 Rb2 44. Rc8 Ra2 45. Rc6 Kf5 46.
Rb6 g5 1/2-1/2

[Event "Ä15Ï "]
[Site "Loo"]
[Date "2017.04.20"]
[Round "1.33"]
[White "Êàñàòêèíà, Ìàðèÿ."]
[Black "Ñêîðîáîãàòîâà, Àíàñòàñèÿ."]
[Result "1-0"]
[WhiteElo "1258"]
[BlackElo "1547"]
[PlyCount "77"]
[EventDate "2017.04.20"]

1. e4 c5 2. Nf3 d6 3. Bb5+ Bd7 4. Bxd7+ Nxd7 5. d4 cxd4 6. Qxd4 Ngf6 7. Nc3 g6
8. Be3 Bg7 9. O-O-O O-O 10. Qd3 Qa5 11. Nd4 Nc5 12. Qd2 a6 13. f3 Rac8 14. Kb1
Rfe8 15. g4 b5 16. h4 b4 17. Nce2 e5 18. Nb3 Nxb3 19. axb3 Qc7 20. Rc1 a5 21.
Ng3 d5 22. g5 d4 23. gxf6 dxe3 24. Qxe3 Bxf6 25. h5 Qe7 26. Rcd1 Bg5 27. Qe2
Bf4 28. Nf1 Red8 29. Rxd8+ Rxd8 30. Ne3 Bxe3 31. Qxe3 Qd6 32. hxg6 fxg6 33. Rc1
Rd7 34. Qe2 Rd8 35. Qe3 Ra8 36. Rh1 a4 37. bxa4 Rxa4 38. Qb3+ Kg7 39. Qxa4 1-0

[Event "Ä15Ï "]
[Site "Loo"]
[Date "2017.04.20"]
[Round "1.34"]
[White "Èâàíîâà, Àíàñòàñèÿ Ñ."]
[Black "Èâàíîâà, Àíàñòàñèÿ."]
[Result "1-0"]
[WhiteElo "1538"]
[BlackElo "1257"]
[PlyCount "135"]
[EventDate "2017.04.20"]

1. d4 Nf6 2. c4 g6 3. Nc3 Bg7 4. Nf3 d6 5. Bf4 Bf5 6. h3 O-O 7. e3 Re8 8. Rc1
Nc6 9. d5 Nb8 10. b4 Ne4 11. Nxe4 Bxe4 12. Ng5 Bf5 13. g4 Bb2 14. gxf5 Bxc1 15.
fxg6 hxg6 16. Qxc1 e5 17. dxe6 fxe6 18. Qb1 Kg7 19. Nf3 Qf6 20. Nd2 e5 21. Ne4
Qf5 22. Bg3 Nd7 23. Bd3 Qh5 24. Be2 Qh6 25. h4 Rf8 26. h5 g5 27. Rg1 Kh8 28.
Bh2 Rg8 29. Ng3 Raf8 30. Bg4 Rf7 31. Qe4 Nf6 32. Qf3 Nxg4 33. Qxg4 Rgf8 34. Ne4
Rf5 35. Rg2 Qe6 36. Ng3 R5f6 37. Qxe6 Rxe6 38. Ne4 Rf5 39. Rxg5 Rxg5 40. Nxg5
Rf6 41. c5 Kg7 42. cxd6 cxd6 43. Ne4 Rf5 44. Nxd6 Rxh5 45. Bg3 b6 46. Nc4 Kf6
47. Bxe5+ Kf5 48. Bb8 a5 49. bxa5 bxa5 50. Nxa5 Ke4 51. Nc4 Rh1+ 52. Ke2 Ra1
53. Nd2+ Kd5 54. e4+ Ke6 55. f4 Rxa2 56. f5+ Kf6 57. Ke3 Ra4 58. Kf4 Rb4 59.
Be5+ Kf7 60. Nf3 Rb5 61. Ng5+ Ke7 62. f6+ Kf8 63. Bd6+ Kg8 64. f7+ Kg7 65.
f8=Q+ Kg6 66. Qe8+ Kg7 67. Bf8+ Kg8 68. Bh6# 1-0

[Event "Ä15Ï "]
[Site "Loo"]
[Date "2017.04.20"]
[Round "1.35"]
[White "Óëàíîâñêàÿ, Âàëåðèÿ."]
[Black "Êîìáàð, Ìàðèÿ."]
[Result "0-1"]
[WhiteElo "1250"]
[BlackElo "1528"]
[PlyCount "52"]
[EventDate "2017.04.20"]

1. c4 c5 2. Nc3 Nf6 3. g3 d5 4. cxd5 Nxd5 5. Bg2 Nf6 6. Nf3 Nc6 7. O-O e6 8. d3
Bd6 9. Re1 O-O 10. e4 Be7 11. Bf4 Nb4 12. d4 cxd4 13. Nxd4 Bd7 14. e5 Nfd5 15.
Nxd5 Nxd5 16. Bd2 Qb6 17. Nb3 Ba4 18. Qg4 Bb4 19. Bh6 g6 20. Bxf8 Bxe1 21. Rxe1
Bxb3 22. Bh6 Bxa2 23. Ra1 Qxb2 24. Re1 Qc3 25. Re2 Bc4 26. Re4 Qa1+ 0-1

[Event "Ä15Â "]
[Site "Loo"]
[Date "2017.04.20"]
[Round "1.1"]
[White "Åðîõîâà, Âèîëåòòà."]
[Black "Ñîëîæåíêèíà, Åëèçàâåòà."]
[Result "1/2-1/2"]
[WhiteElo "1746"]
[BlackElo "2234"]
[PlyCount "81"]
[EventDate "2017.04.20"]

1. e4 c5 2. c3 d5 3. exd5 Qxd5 4. d4 Nc6 5. Na3 Bf5 6. Nf3 cxd4 7. cxd4 e6 8.
Nc4 Rd8 9. Be3 Nf6 10. a3 Be7 11. Be2 O-O 12. O-O Ne4 13. Ncd2 Bf6 14. Nb3 a5
15. Rc1 b6 16. Bc4 Qd6 17. Bb5 Na7 18. Bd3 Rc8 19. Qe2 a4 20. Na1 Qd5 21. Bc4
Qd7 22. Ne5 Qe7 23. Nc2 Nd6 24. Ba6 Rxc2 25. Rxc2 Bxc2 26. Qxc2 Nf5 27. Rc1 Bg5
28. Bxg5 Qxg5 29. Nf3 Qf6 30. Qc7 Nxd4 31. Nxd4 Qxd4 32. Qxa7 Qxb2 33. Re1 Qxa3
34. Qxb6 h6 35. h3 Qc3 36. Rb1 a3 37. Qe3 Qa5 38. Bc4 Ra8 39. Ra1 Qb4 40. Qb3
Qa5 41. Qe3 1/2-1/2

[Event "Ä15Â "]
[Site "Loo"]
[Date "2017.04.20"]
[Round "1.2"]
[White "Âèíîêóð, Þëèÿ."]
[Black "Çåëåíñêàÿ, Àíàñòàñèÿ."]
[Result "1-0"]
[WhiteElo "2233"]
[BlackElo "1738"]
[PlyCount "75"]
[EventDate "2017.04.20"]

1. d4 d5 2. c4 c6 3. Nf3 Nf6 4. Qc2 e6 5. Bg5 Be7 6. cxd5 exd5 7. e3 Nbd7 8.
Bd3 O-O 9. O-O h6 10. Bh4 Re8 11. Nc3 Ne4 12. Bxe7 Qxe7 13. a3 a6 14. Rae1 f5
15. b4 b5 16. Nd2 Nxd2 17. Qxd2 Nb6 18. f3 Qg5 19. Qf2 Nc4 20. Bxc4 dxc4 21. e4
Be6 22. d5 cxd5 23. exd5 Bf7 24. Qd4 Rad8 25. f4 Qg6 26. Re5 Kh7 27. Rfe1 Rd6
28. Rxe8 Bxe8 29. Re5 Qf6 30. Qc5 Bf7 31. Ne2 g5 32. g3 gxf4 33. gxf4 Qg7+ 34.
Ng3 Qf6 35. Qc7 Kg6 36. Re7 h5 37. Nxf5 h4 38. Nxd6 1-0

[Event "Ä15Â "]
[Site "Loo"]
[Date "2017.04.20"]
[Round "1.3"]
[White "Ìèõàéëîâà, Þëèÿ."]
[Black "Ìèðîøíèê, Åêàòåðèíà."]
[Result "0-1"]
[WhiteElo "1733"]
[BlackElo "2116"]
[PlyCount "94"]
[EventDate "2017.04.20"]

1. d4 Nf6 2. Nf3 e6 3. c4 d5 4. Nc3 Be7 5. Bg5 Nbd7 6. e3 O-O 7. Rc1 b6 8. cxd5
exd5 9. Bd3 Bb7 10. O-O h6 11. Bh4 c5 12. dxc5 Nxc5 13. Be2 Rc8 14. Nd4 g6 15.
a3 Nfe4 16. Bxe7 Qxe7 17. Bf3 Rfd8 18. Nce2 Kh7 19. Nf4 a5 20. Be2 Nd7 21. Nd3
Rxc1 22. Qxc1 Rc8 23. Qa1 Ndc5 24. Rc1 Re8 25. Re1 Qf6 26. Nf3 Nb3 27. Qd1 a4
28. Qb1 Ba6 29. Nb4 Bc4 30. Qc2 b5 31. Bf1 Nbd2 32. Bxc4 dxc4 33. Nd5 Nxf3+ 34.
gxf3 Qxf3 35. Qe2 Qf5 36. Nf4 Qg5+ 37. Kh1 Rd8 38. Qf3 Qf5 39. Kg2 Ng5 40. Qe2
Qe4+ 41. f3 Qe5 42. Kf2 Ne6 43. Kg1 Qg5+ 44. Kf2 Nxf4 45. exf4 Qxf4 46. Qe7
Rd2+ 47. Kg1 Qxf3 0-1

[Event "Ä15Â "]
[Site "Loo"]
[Date "2017.04.20"]
[Round "1.4"]
[White "Ãàðèôóëëèíà, Ëåÿ."]
[Black "Áàèøåâà, Íüóðãóéààíà."]
[Result "1-0"]
[WhiteElo "2015"]
[BlackElo "1728"]
[PlyCount "77"]
[EventDate "2017.04.20"]

1. e4 c5 2. Nf3 e6 3. d4 cxd4 4. Nxd4 Bc5 5. Nb3 Bb6 6. Nc3 Ne7 7. Qe2 O-O 8.
Be3 Nbc6 9. O-O-O a6 10. f4 Bxe3+ 11. Qxe3 b5 12. Be2 Bb7 13. Bf3 Na5 14. Nxa5
Qxa5 15. Rxd7 b4 16. Nb1 Bc6 17. Rxe7 Rfc8 18. Ra7 Rab8 19. Be2 Ba4 20. b3 Bb5
21. Bxb5 Rxb5 22. Kb2 Rbc5 23. Rc1 Rd8 24. Qe2 Rb5 25. Rd1 Rxd1 26. Qxd1 Rb8
27. Qd7 Rf8 28. Rc7 Qb5 29. Qe7 h6 30. Nd2 Qe2 31. Qxb4 Qxg2 32. Qc3 Qxh2 33.
Qe3 g5 34. e5 g4 35. Ne4 h5 36. Nf6+ Kg7 37. f5 Qh4 38. fxe6 Rb8 39. Rxf7+ 1-0

[Event "Ä15Â "]
[Site "Loo"]
[Date "2017.04.20"]
[Round "1.5"]
[White "Åðøîâà, Ñîôüÿ."]
[Black "Âîñêðåñåíñêàÿ, Ìàðòà."]
[Result "1/2-1/2"]
[WhiteElo "1727"]
[BlackElo "2009"]
[PlyCount "83"]
[EventDate "2017.04.20"]

1. e4 c5 2. Nf3 d6 3. d4 cxd4 4. Nxd4 Nf6 5. Nc3 Nc6 6. Bg5 e6 7. Bb5 Bd7 8.
Bxc6 bxc6 9. Qf3 Be7 10. e5 Nd5 11. Bxe7 Qxe7 12. exd6 Qxd6 13. O-O-O Rb8 14.
Ne4 Qe7 15. Nb3 O-O 16. Nec5 Rfe8 17. Rd4 e5 18. Rd2 a5 19. Rhd1 a4 20. Nxa4
Rb4 21. Nc3 Bg4 22. Nxd5 cxd5 23. Rxd5 Rc8 24. Qc3 h6 25. Rc5 Rxc5 26. Nxc5
Qg5+ 27. Kb1 Rxb2+ 28. Qxb2 Bxd1 29. Qc1 Qg4 30. f3 Qb4+ 31. Nb3 Be2 32. Qd2
Qb5 33. Qa5 Qb8 34. a3 Bf1 35. Qd2 Qa7 36. Kb2 Qg1 37. g3 Bg2 38. Qd8+ Kh7 39.
Qd3+ Kg8 40. Qd8+ Kh7 41. Qd3+ Kg8 42. Qd8+ 1/2-1/2

[Event "Ä15Â "]
[Site "Loo"]
[Date "2017.04.20"]
[Round "1.6"]
[White "Ëîñêóòîâà, Âèêòîðèÿ."]
[Black "Áóðíÿøåâà, Åëåíà."]
[Result "1/2-1/2"]
[WhiteElo "1981"]
[BlackElo "1721"]
[PlyCount "105"]
[EventDate "2017.04.20"]

1. e4 c5 2. Nf3 e6 3. c3 d5 4. exd5 Qxd5 5. d4 Nf6 6. Na3 Nc6 7. Be2 a6 8. Nc4
Qd8 9. O-O cxd4 10. cxd4 Be7 11. Be3 O-O 12. Nfe5 Nb4 13. a3 Nbd5 14. Bf3 Bd7
15. Qb3 b5 16. Nxd7 Qxd7 17. Ne5 Qd6 18. Rac1 Rac8 19. Rc2 Rxc2 20. Qxc2 Nb6
21. Bb7 Nfd5 22. Qc6 Nxe3 23. fxe3 Qxc6 24. Nxc6 Bg5 25. e4 a5 26. b4 axb4 27.
axb4 Nc4 28. Ba6 Na3 29. Rf3 Nc2 30. Rd3 f5 31. e5 Ra8 32. Bxb5 Be3+ 33. Kf1
Ra1+ 34. Ke2 Re1+ 35. Kf3 g5 36. Rc3 g4+ 37. Kg3 Nxd4 38. Nxd4 Bxd4 39. Rb3
Rxe5 40. Bc4 Kg7 41. b5 Re3+ 42. Rxe3 Bxe3 43. h3 gxh3 44. gxh3 Kf6 45. Kf3 Bb6
46. Bd3 e5 47. Bc2 e4+ 48. Bxe4 fxe4+ 49. Kxe4 Kg5 50. Kf3 Kh4 51. Kg2 h5 52.
Kh1 Kg3 53. h4 1/2-1/2

[Event "Ä15Â "]
[Site "Loo"]
[Date "2017.04.20"]
[Round "1.7"]
[White "Òóðêî, Àíàñòàñèÿ."]
[Black "Ãåòüìàí, Òàòüÿíà."]
[Result "0-1"]
[WhiteElo "1719"]
[BlackElo "1972"]
[PlyCount "90"]
[EventDate "2017.04.20"]

1. e4 e6 2. d4 d5 3. Nc3 Nf6 4. Bg5 Be7 5. e5 Nfd7 6. Bxe7 Qxe7 7. f4 a6 8. Nf3
c5 9. Qd2 Nc6 10. dxc5 Qxc5 11. Bd3 h6 12. O-O-O b5 13. g4 Bb7 14. g5 O-O-O 15.
g6 fxg6 16. Bxg6 Nb6 17. b3 Nc4 18. bxc4 dxc4 19. Qe1 Qa3+ 20. Kb1 Rxd1+ 21.
Nxd1 Qxf3 22. Rf1 Qa3 23. Qc3 Qxc3 24. Nxc3 Rf8 25. Ne4 Nxe5 26. Bf5 Bxe4 27.
Bxe4 Nd7 28. Kc1 Nc5 29. Bg2 g5 30. fxg5 Rxf1+ 31. Bxf1 hxg5 32. Kd2 Kc7 33.
Ke3 Kd6 34. Kf3 Ke5 35. Kg4 Kf6 36. Bg2 a5 37. Bf1 Na4 38. Kf3 Nc3 39. a3 a4
40. Ke3 Ke5 41. Kd2 Kd4 42. Bh3 e5 43. Bf1 e4 44. h3 e3+ 45. Ke1 b4 0-1

[Event "Ä15Â "]
[Site "Loo"]
[Date "2017.04.20"]
[Round "1.8"]
[White "Áóëàòîâà, Êàìàëèÿ."]
[Black "Áàíäóðèíà, Ñîôèÿ."]
[Result "1-0"]
[WhiteElo "1957"]
[BlackElo "1717"]
[PlyCount "66"]
[EventDate "2017.04.20"]

1. d4 d5 2. c4 e5 3. dxe5 d4 4. a3 Nc6 5. e3 dxe3 6. Qxd8+ Kxd8 7. Bxe3 Nxe5 8.
Nf3 Nxf3+ 9. gxf3 Be6 10. Nc3 Ne7 11. O-O-O+ Kc8 12. Ne4 Nf5 13. Ng5 Nxe3 14.
fxe3 Bc5 15. Nxe6 Bxe3+ 16. Kb1 fxe6 17. Bh3 Kb8 18. Bxe6 a6 19. Rd7 g6 20. h4
Bf4 21. Rf7 Bd6 22. Bd5 c6 23. Be4 a5 24. Rd1 Bg3 25. Rdd7 Bxh4 26. Rxb7+ Kc8
27. Rfc7+ Kd8 28. Rxh7 Rxh7 29. Rxh7 Bf6 30. Bxc6 Ra6 31. Rd7+ Kc8 32. Rd6 Be5
33. Bd7+ Kb7 1-0

[Event "Ä15Â "]
[Site "Loo"]
[Date "2017.04.20"]
[Round "1.9"]
[White "Àëôåðîâà, Ïîëèíà."]
[Black "Çàéöåâà, Ëþäìèëà."]
[Result "1/2-1/2"]
[WhiteElo "1712"]
[BlackElo "1953"]
[PlyCount "168"]
[EventDate "2017.04.20"]

1. d4 Nf6 2. c4 g6 3. Nc3 Bg7 4. e4 d6 5. f4 O-O 6. Nf3 c5 7. d5 e6 8. Be2 exd5
9. cxd5 Re8 10. e5 dxe5 11. fxe5 Ng4 12. Bg5 Qb6 13. O-O Nxe5 14. Qd2 Bf5 15.
d6 Nbd7 16. Kh1 Nxf3 17. Bxf3 Be5 18. Rad1 Rab8 19. Bd5 Qxd6 20. Bxf7+ Kxf7 21.
Qxd6 Bxd6 22. Rxd6 Kg7 23. h3 Ne5 24. g4 Nf7 25. Bf6+ Kg8 26. Rd5 Be4+ 27. Nxe4
Rxe4 28. Rxc5 Re3 29. Rc7 Rbe8 30. Bc3 R3e7 31. Rc5 Nd6 32. Rf3 Ne4 33. Rc4 Rd7
34. Rd4 Rxd4 35. Bxd4 a6 36. Re3 Nf2+ 37. Kg2 Rxe3 38. Bxe3 Nd3 39. Bd4 Nf4+
40. Kh2 Kf7 41. Be5 Nd3 42. Bc3 Ke6 43. Kg3 Kd5 44. Kf3 Nc5 45. Kf4 Ne6+ 46.
Kg3 Ke4 47. Kh4 Kf3 48. Be5 b5 49. b4 Ke4 50. Bd6 Kd3 51. Kg3 Kc3 52. h4 Kb2
53. h5 Kxa2 54. Kf3 Kb3 55. Ke4 Kc4 56. Ke5 gxh5 57. gxh5 Ng7 58. h6 Ne8 59.
Be7 Nc7 60. Bf8 Nd5 61. Ke6 Kd4 62. Kf7 Ke5 63. Kg7 Ke6 64. Kxh7 Kf7 65. Bc5
Nf6+ 66. Kh8 Ng4 67. Kh7 Ne5 68. Bd6 Nf3 69. Bf4 Nd4 70. Be5 Ne6 71. Bg7 Nf4
72. Be5 Nd5 73. Bd6 Nf6+ 74. Kh8 Kg6 75. Bf8 Ng4 76. Bc5 Nxh6 77. Bb6 Kf7 78.
Kh7 Nf5 79. Bc5 Ke6 80. Kg6 Ne7+ 81. Bxe7 Kxe7 82. Kf5 Kd6 83. Ke4 Ke6 84. Kd4
Kd6 1/2-1/2

[Event "Ä15Â "]
[Site "Loo"]
[Date "2017.04.20"]
[Round "1.10"]
[White "Ãóòêîâè÷, Ïîëèíà."]
[Black "Òåðåøå÷êèíà, Òàèñèÿ."]
[Result "1-0"]
[WhiteElo "1952"]
[BlackElo "1711"]
[PlyCount "91"]
[EventDate "2017.04.20"]

1. e4 c6 2. d4 d5 3. exd5 cxd5 4. Bd3 Nf6 5. c3 e6 6. Nf3 Bd6 7. O-O O-O 8. Bg5
Nbd7 9. Re1 Qc7 10. Qe2 b6 11. Ne5 Bxe5 12. dxe5 Ne4 13. Bxe4 dxe4 14. Be7 Re8
15. Bd6 Qc6 16. Nd2 Bb7 17. Nxe4 Qxe4 18. Qxe4 Bxe4 19. Rxe4 Rac8 20. Rd1 Nc5
21. Red4 h6 22. f4 a5 23. Kf2 b5 24. Kf3 Na4 25. Ba3 Nb6 26. R1d3 Nc4 27. g3
Rc7 28. Bd6 Rc6 29. b3 Nb6 30. Ba3 Rec8 31. Rd8+ Rxd8 32. Rxd8+ Kh7 33. Rd3 Nd5
34. Bb2 Kg6 35. g4 h5 36. f5+ Kg5 37. h3 Kh4 38. Rd4 Nxc3 39. Rd6 Rc5 40. fxe6
fxe6 41. Rxe6 Nd1 42. Bd4 Rc2 43. Rd6 Kxh3 44. gxh5 Rc8 45. e6 Rf8+ 46. Ke2 1-0

[Event "Ä15Â "]
[Site "Loo"]
[Date "2017.04.20"]
[Round "1.11"]
[White "Óñà÷åâà, Ãëàôèðà."]
[Black "Àôàíàñüåâà, Àëåêñàíäðà."]
[Result "1/2-1/2"]
[WhiteElo "1705"]
[BlackElo "1950"]
[PlyCount "104"]
[EventDate "2017.04.20"]

1. e4 c5 2. Nf3 Nc6 3. d4 cxd4 4. Nxd4 g6 5. Nc3 Bg7 6. Be3 Nf6 7. Nxc6 bxc6 8.
e5 Ng8 9. Bd4 Nh6 10. e6 f6 11. exd7+ Qxd7 12. Bc4 Nf7 13. O-O Nd6 14. Bb3 e5
15. Bc5 Nb7 16. Be3 f5 17. f3 Qe7 18. Qd2 Be6 19. Bg5 Qf7 20. Rfe1 O-O 21. Rad1
Rfe8 22. Qe2 h6 23. Bh4 g5 24. Bg3 Bxb3 25. axb3 Rad8 26. Bf2 Nd6 27. Qa6 e4
28. Qxc6 Be5 29. fxe4 Rc8 30. Qd5 Bxc3 31. Qxf7+ Kxf7 32. bxc3 Nxe4 33. Rd7+
Ke6 34. Rxa7 Rxc3 35. Bd4 Rxc2 36. Ra6+ Kd5 37. Bg7 Rb8 38. Rd1+ Rd2 39. Rxd2+
Nxd2 40. Bxh6 Rxb3 41. Ra1 Ne4 42. Rd1+ Ke6 43. Bg7 Rb7 44. Bh8 f4 45. h3 Rd7
46. Rxd7 Kxd7 47. Be5 Ke6 48. Bc7 Kf5 49. Kf1 Nc5 50. Kf2 Ne6 51. Bd6 Ke4 52.
Be7 Kf5 1/2-1/2

[Event "Ä15Â "]
[Site "Loo"]
[Date "2017.04.20"]
[Round "1.12"]
[White "Ïîïîâà, Èðèíà."]
[Black "Çàêóðèíà, Ìàðèÿ."]
[Result "1-0"]
[WhiteElo "1938"]
[BlackElo "1704"]
[PlyCount "63"]
[EventDate "2017.04.20"]

1. d4 d5 2. c4 e6 3. Nc3 Nf6 4. Bg5 Be7 5. e3 c6 6. Nf3 Nbd7 7. Qc2 O-O 8.
O-O-O dxc4 9. Bxc4 Nd5 10. Bxe7 Qxe7 11. Nxd5 cxd5 12. Bd3 f5 13. h4 Nf6 14.
Ne5 Bd7 15. Kb1 Rac8 16. Qe2 Kh8 17. h5 Be8 18. Rh3 Bxh5 19. Rxh5 Nxh5 20. Qxh5
Qe8 21. Qh4 Rf6 22. g4 Rc7 23. g5 Rf8 24. Qh2 Kg8 25. Ng6 Rff7 26. Rh1 h6 27.
gxh6 gxh6 28. Qe5 Rh7 29. Bxf5 Rc6 30. Nf4 Rg7 31. Bxe6+ Rf7 32. Qxd5 1-0

[Event "Ä15Â "]
[Site "Loo"]
[Date "2017.04.20"]
[Round "1.13"]
[White "Ïóäàëåâà, Çëàòà."]
[Black "Êóòÿíèíà, Ìàðèÿ."]
[Result "0-1"]
[WhiteElo "1702"]
[BlackElo "1922"]
[PlyCount "92"]
[EventDate "2017.04.20"]

1. e4 c5 2. Nf3 d6 3. d4 cxd4 4. Nxd4 Nf6 5. Nc3 a6 6. Bg5 e6 7. f4 Be7 8. Qf3
h6 9. Bh4 Nbd7 10. O-O-O Qc7 11. g4 g5 12. fxg5 Ne5 13. Qg3 Nfxg4 14. gxh6 Bxh4
15. Qxh4 Qe7 16. Qg3 Qg5+ 17. Kb1 Qe3 18. Re1 Qxd4 19. Be2 Nxh6 20. Rd1 Qc5 21.
Na4 Qc6 22. Qg7 Rg8 23. Qxh6 Qxa4 24. Rhg1 Rf8 25. Rxd6 Bd7 26. Qf4 Nc4 27. b3
Na3+ 28. Kb2 Qa5 29. Rgd1 Rd8 30. Qf6 Nb5 31. Bxb5 axb5 32. h4 b4 33. e5 Qa3+
34. Kb1 Ra8 35. R1d3 Qxa2+ 36. Kc1 Rc8 37. Qf2 Qa1+ 38. Kd2 Rxc2+ 39. Kxc2 Qa2+
40. Kd1 Qxf2 41. Rxd7 Qg1+ 42. Kd2 Qh2+ 43. Kd1 Qxh4 44. Rc7 Qh1+ 45. Kc2 Qh2+
46. Kd1 Qxe5 0-1

[Event "Ä15Â "]
[Site "Loo"]
[Date "2017.04.20"]
[Round "1.14"]
[White "Þðàñîâà, Äàðüÿ."]
[Black "Äóáíèêîâà, Àíàñòàñèÿ."]
[Result "1/2-1/2"]
[WhiteElo "1907"]
[BlackElo "1697"]
[PlyCount "95"]
[EventDate "2017.04.20"]

1. Nf3 Nf6 2. c4 e6 3. b3 d5 4. Bb2 c5 5. g3 Nc6 6. Bg2 Be7 7. O-O O-O 8. cxd5
Nxd5 9. d3 b6 10. Nbd2 Bb7 11. a3 Bf6 12. Qc2 Bxb2 13. Qxb2 Qe7 14. Rac1 Rfd8
15. Rfd1 Rac8 16. Nc4 b5 17. Ncd2 Nf6 18. Re1 h6 19. Qc3 Nd4 20. Qa5 Bxf3 21.
Bxf3 Qc7 22. Qxc7 Rxc7 23. Bg2 e5 24. Kf1 g5 25. Rc3 Rdc8 26. Rec1 Ne6 27. Ne4
Nxe4 28. Bxe4 Kf8 29. Bf5 Ke7 30. e3 Kf6 31. g4 Ke7 32. Ke2 Kd6 33. Kf3 Rc6 34.
Be4 R6c7 35. Bf5 Kd5 36. Kg3 Kd6 37. h4 f6 38. hxg5 hxg5 39. Rh1 Rf8 40. Rh6 a5
41. Rc1 Ng7 42. Be4 Ne8 43. Rch1 Ng7 44. Rg6 Ne8 45. Kg2 Rg7 46. Rxg7 Nxg7 47.
Rh7 Rf7 48. Rh8 1/2-1/2

[Event "Ä15Â "]
[Site "Loo"]
[Date "2017.04.20"]
[Round "1.15"]
[White "Àðòþõîâà, Åëèçàâåòà."]
[Black "Ëåâè÷åâà, Åêàòåðèíà."]
[Result "0-1"]
[WhiteElo "1688"]
[BlackElo "1884"]
[PlyCount "92"]
[EventDate "2017.04.20"]

1. d4 Nf6 2. c4 g6 3. Nc3 d5 4. cxd5 Nxd5 5. e4 Nxc3 6. bxc3 Bg7 7. Bb2 c5 8.
Nf3 O-O 9. Bc4 Bg4 10. e5 Nc6 11. Be2 Qc7 12. h3 Bxf3 13. Bxf3 Rfd8 14. Bxc6
bxc6 15. Qc2 cxd4 16. cxd4 Rac8 17. O-O c5 18. dxc5 Qxc5 19. Qxc5 Rxc5 20. f4
Rc2 21. Bc1 f6 22. Be3 fxe5 23. fxe5 Bxe5 24. Rfd1 Rxd1+ 25. Rxd1 Rxa2 26. Rd7
a5 27. Rxe7 Bg3 28. Kf1 a4 29. Ra7 Be5 30. Bh6 a3 31. Ra8+ Kf7 32. Ra7+ Ke6 33.
Ra6+ Kf5 34. Ra4 Bd6 35. g4+ Ke6 36. Ra6 Kd5 37. Ra4 Rh2 38. Bg7 Rxh3 39. Rd4+
Kc6 40. Ra4 Kb5 41. Rd4 Bc5 42. Rd8 a2 43. Rb8+ Kc4 44. Ra8 Ra3 45. Rh8 Bd4 46.
Rc8+ Kd3 0-1

[Event "Ä15Â "]
[Site "Loo"]
[Date "2017.04.20"]
[Round "1.16"]
[White "Ïîãîðåëüñêèõ, Ñîôüÿ."]
[Black "Ñâåòëîâà, Êñåíèÿ."]
[Result "1-0"]
[WhiteElo "1880"]
[BlackElo "1676"]
[PlyCount "75"]
[EventDate "2017.04.20"]

1. e4 c5 2. Nf3 d6 3. d4 cxd4 4. Nxd4 Nf6 5. Nc3 g6 6. Be3 Bg7 7. f3 O-O 8. Qd2
Nc6 9. Bc4 Bd7 10. O-O-O Rc8 11. Bb3 Ne5 12. Kb1 Nc4 13. Bxc4 Rxc4 14. g4 b5
15. h4 b4 16. Nce2 Qc7 17. h5 Rc8 18. hxg6 fxg6 19. Bh6 Bh8 20. Bg5 e5 21. Nf5
Bxf5 22. gxf5 Rxc2 23. Qd3 Qf7 24. Bxf6 Bxf6 25. fxg6 hxg6 26. Rdg1 d5 27. Rh6
g5 28. Ng3 d4 29. Nh5 Be7 30. f4 Rf2 31. fxg5 Qc4 32. Nf6+ Kg7 33. Qxc4 Rxc4
34. Ng4 Bxg5 35. Rh5 Kg6 36. Rhh1 Rfc2 37. Nf2 Rxf2 38. Rh8 1-0

[Event "Ä15Â "]
[Site "Loo"]
[Date "2017.04.20"]
[Round "1.17"]
[White "Àëèâåðäèåâà, Ýëèíà."]
[Black "Âûðòîñó, Íàòàëüÿ."]
[Result "1/2-1/2"]
[WhiteElo "1674"]
[BlackElo "1871"]
[PlyCount "69"]
[EventDate "2017.04.20"]

1. e4 e6 2. d4 d5 3. Nc3 Nf6 4. Bg5 Be7 5. e5 Nfd7 6. Bxe7 Qxe7 7. f4 g6 8. Nf3
h5 9. Qd2 a6 10. Be2 c5 11. O-O Nc6 12. Kh1 b6 13. Nd1 Nxd4 14. Nxd4 cxd4 15.
Qxd4 Bb7 16. Ne3 Qc5 17. c3 Rc8 18. Rfd1 Nb8 19. Nc2 Nc6 20. Qd2 O-O 21. Rac1
Kg7 22. Nd4 Nxd4 23. cxd4 Qe7 24. Rxc8 Rxc8 25. Rc1 Rxc1+ 26. Qxc1 Qb4 27. Qc3
Qa4 28. a3 Bc6 29. Kg1 Bb5 30. Bxb5 Qxb5 31. Qd2 Qb3 32. g3 a5 33. Kf2 Kf8 34.
Qc3 Qxc3 35. bxc3 1/2-1/2

[Event "Ä15Â "]
[Site "Loo"]
[Date "2017.04.20"]
[Round "1.18"]
[White "Êðèêóíîâà, Îëåñÿ."]
[Black "Ýôåíäèåâà, Àëèíà."]
[Result "1-0"]
[WhiteElo "1847"]
[BlackElo "1661"]
[PlyCount "99"]
[EventDate "2017.04.20"]

1. Nf3 Nf6 2. d4 g6 3. c4 Bg7 4. Nc3 O-O 5. Bg5 d6 6. e3 h6 7. Bh4 g5 8. Bg3
Nh5 9. Be2 Nd7 10. Qc2 f5 11. Nxg5 hxg5 12. Bxh5 Nb6 13. c5 dxc5 14. dxc5 Nd7
15. h4 g4 16. Rd1 e5 17. Ne2 Qe7 18. b4 f4 19. exf4 exf4 20. Qc4+ Kh8 21. Bxf4
Nf6 22. Bg6 Be6 23. Qc2 Bd5 24. O-O Bf7 25. Bxf7 Qxf7 26. Bg5 Nh7 27. Be3 Rae8
28. Nf4 Qf5 29. Qxf5 Rxf5 30. Rd7 Kg8 31. Rfd1 Bf6 32. g3 Be5 33. Ng6 Rf7 34.
Rd8 Ref8 35. Nxf8 Rxf8 36. Rxf8+ Nxf8 37. Bd4 Bxd4 38. Rxd4 Kh7 39. Rxg4 Kh6
40. Kg2 Ne6 41. Kf3 Kh5 42. Re4 Nd8 43. Kf4 Nc6 44. Kf5 b6 45. b5 Nd8 46. Re7
Kh6 47. c6 a5 48. g4 a4 49. g5+ Kh5 50. Rh7# 1-0

[Event "Ä15Â "]
[Site "Loo"]
[Date "2017.04.20"]
[Round "1.19"]
[White "Òîëêà÷åâà, Àííà."]
[Black "Øåñòàêîâà, Åêàòåðèíà."]
[Result "0-1"]
[WhiteElo "1656"]
[BlackElo "1840"]
[PlyCount "80"]
[EventDate "2017.04.20"]

1. e4 c5 2. Nf3 e6 3. d4 cxd4 4. Nxd4 Nf6 5. Nc3 d6 6. g4 h6 7. h3 Be7 8. Be3
Nc6 9. Bg2 a6 10. a3 Bd7 11. Qe2 O-O 12. O-O-O Rc8 13. f4 b5 14. e5 Ne8 15. Qf2
Nxd4 16. Bxd4 d5 17. Bb6 Nc7 18. Bxd5 exd5 19. Nxd5 Bh4 20. Qg1 Kh8 21. Nxc7
Rxc7 22. Rh2 Qc8 23. Bxc7 Qxc7 24. Rhd2 Rc8 25. Qh2 Be6 26. Kb1 Qc4 27. b3 Qc3
28. Rd3 Qc5 29. f5 Bf2 30. R1d2 Be3 31. Rd1 Bf2 32. R1d2 Be3 33. Re2 Bg1 34.
Qg2 Bc4 35. bxc4 bxc4 36. Rg3 Qb5+ 37. Ka2 Rb8 38. Rb3 cxb3+ 39. Kb2 bxc2+ 40.
Kxc2 Qb1+ 0-1

[Event "Ä15Â "]
[Site "Loo"]
[Date "2017.04.20"]
[Round "1.20"]
[White "Êàðåëèíà, Âèêòîðèÿ."]
[Black "Ãàðàôóòäèíîâà, Äèàíà."]
[Result "1-0"]
[WhiteElo "1826"]
[BlackElo "1654"]
[PlyCount "71"]
[EventDate "2017.04.20"]

1. e4 c5 2. Nf3 e6 3. d4 cxd4 4. Nxd4 Nc6 5. Be3 a6 6. Bd3 Nf6 7. O-O Qc7 8. c3
b5 9. f4 Bb7 10. Nd2 Be7 11. Qf3 O-O 12. Qh3 h6 13. Rf3 Nxd4 14. cxd4 d5 15. e5
Ne4 16. Bxe4 dxe4 17. Rg3 Kh7 18. f5 exf5 19. Qxf5+ g6 20. Qf4 Bg5 21. Rxg5
hxg5 22. Qxg5 Rh8 23. Rf1 Kg8 24. Qg4 Qd8 25. e6 Qh4 26. exf7+ Kf8 27. Qxh4
Rxh4 28. d5 Rc8 29. d6 Rh5 30. g4 Rh4 31. d7 Rxg4+ 32. Kh1 Rd8 33. Bc5+ Kg7 34.
f8=Q+ Rxf8 35. Bxf8+ Kh7 36. d8=Q 1-0

[Event "Ä15Â "]
[Site "Loo"]
[Date "2017.04.20"]
[Round "1.21"]
[White "Ãðóáîâà, Ñîôèÿ."]
[Black "Áàéáóðèíà, Êàìèëëà."]
[Result "1-0"]
[WhiteElo "1650"]
[BlackElo "1825"]
[PlyCount "129"]
[EventDate "2017.04.20"]

1. e4 e5 2. Nf3 Nf6 3. Nxe5 d6 4. Nc4 Nxe4 5. d4 d5 6. Nbd2 Bf5 7. Nxe4 Bxe4 8.
Nd2 Qe7 9. Nxe4 Qxe4+ 10. Qe2 Be7 11. Qxe4 dxe4 12. Bb5+ c6 13. Bc4 Nd7 14. O-O
b5 15. Bb3 Rd8 16. c3 c5 17. Re1 cxd4 18. cxd4 f5 19. Be3 Nb6 20. Rac1 a5 21.
a3 Bf6 22. Red1 g5 23. g3 a4 24. Be6 f4 25. gxf4 gxf4 26. Bxf4 Rxd4 27. Be3
Rxd1+ 28. Rxd1 Ke7 29. Bc5+ Kxe6 30. Rd6+ Kf7 31. Rxb6 Rg8+ 32. Kf1 Bxb2 33.
Rxb5 Be5 34. Rb4 Bxh2 35. Rxe4 Rg1+ 36. Ke2 Rc1 37. Be3 Rc3 38. Rxa4 Bd6 39.
Ra7+ Ke6 40. a4 Ra3 41. a5 Bb4 42. a6 Ra2+ 43. Kf3 Bd2 44. Bxd2 Rxd2 45. Rxh7
Ra2 46. a7 Kf5 47. Rf7+ Ke6 48. Rb7 Ke5 49. Kg4 Ra4+ 50. Kg5 Ra5 51. f4+ Ke4+
52. Kg4 Ra1 53. Re7+ Kd5 54. Kf5 Kd6 55. Kf6 Ra5 56. f5 Ra3 57. Re6+ Kd7 58.
Re7+ Kd6 59. Rh7 Ra6 60. Kg5 Kd5 61. f6 Ra1 62. f7 Rg1+ 63. Kh6 Rh1+ 64. Kg7
Rg1+ 65. Kh8 1-0